Геохимия литогенеза: материалы Российского совещания с международным участием, г. Сыктывкар, 17-19 марта 2014 г.

Bibliographische Detailangaben
Körperschaften: Российская академия наук (РАН) Уральское отделение (УрО) Коми научный центр (КомиНЦ) Институт геологии (ИГ), Российское минералогическое общество (РМО), Геохимия литогенеза Всероссийское совещание
Weitere Verfasser: Юдович Я. Э. (редактор)
Zusammenfassung:В сборнике публикуются расширенные тезисы 102 докладов, которые сгруппированы по 16 темам: вопросы методики; общие вопросы теории литогенеза; геохимическая диагностика петро-фонда и климата; геохимическая диагностика вулканогенных продуктов; геохимия процессов выветривания; молодые осадки и вопросы биогеохимии; нано- и микро-частицы в океанской седиментации; диагностика осадочных фаций; процессы диагенеза; геохимия стадиального катагенеза; рассольный катагенез; флюидный литогенез; инфильтрационный эпигенез; нафтогенез; рудогенез и техногенные процессы, экологическая геохимия. Материалы предваряются обширным предисловием редактора Я. Э. Юдовича, в котором дано обобщение наиболее существенных результатов, изложенных в докладах. По мнению редактора, представленные материалы вносят ценный вклад в познание геохимии литогенеза.
Sprache:Russisch
Veröffentlicht: Сыктывкар, Геопринт, 2014
Schlagworte:
Format: MixedMaterials Buch
KOHA link:https://koha.lib.tpu.ru/cgi-bin/koha/opac-detail.pl?biblionumber=260291

MARC

LEADER 00000nam0a2200000 4500
001 260291
005 20231101233450.0
010 |a 9785984910521 
035 |a (RuTPU)RU\TPU\book\283239 
090 |a 260291 
100 |a 20140514d2014 k y0rusy50 ca 
101 0 |a rus 
102 |a RU 
105 |a a z 101zy 
200 1 |a Геохимия литогенеза  |e материалы Российского совещания с международным участием, г. Сыктывкар, 17-19 марта 2014 г.  |f Российская академия наук (РАН), Уральское отделение (УрО), Коми научный центр (КомиНЦ), Институт геологии (ИГ) ; Российское минералогическое общество (РМО) ; под ред. Я. Э. Юдовича 
210 |a Сыктывкар  |c Геопринт  |d 2014 
215 |a 333 с.  |c ил. 
320 |a Библиография в конце статей 
330 |a В сборнике публикуются расширенные тезисы 102 докладов, которые сгруппированы по 16 темам: вопросы методики; общие вопросы теории литогенеза; геохимическая диагностика петро-фонда и климата; геохимическая диагностика вулканогенных продуктов; геохимия процессов выветривания; молодые осадки и вопросы биогеохимии; нано- и микро-частицы в океанской седиментации; диагностика осадочных фаций; процессы диагенеза; геохимия стадиального катагенеза; рассольный катагенез; флюидный литогенез; инфильтрационный эпигенез; нафтогенез; рудогенез и техногенные процессы, экологическая геохимия. Материалы предваряются обширным предисловием редактора Я. Э. Юдовича, в котором дано обобщение наиболее существенных результатов, изложенных в докладах. По мнению редактора, представленные материалы вносят ценный вклад в познание геохимии литогенеза. 
606 1 |a Горные породы, осадочные  |x Геохимия  |2 stltpush  |3 (RuTPU)RU\TPU\subj\8155  |9 35634 
610 1 |a литогенез 
610 1 |a петрофонд 
610 1 |a климат 
610 1 |a геохимическая диагностика 
610 1 |a вулканогенные продукты 
610 1 |a выветривание 
610 1 |a молодые осадки 
610 1 |a биогеохимия 
610 1 |a океанская седиментация 
610 1 |a наночастицы 
610 1 |a микрочастицы 
610 1 |a осадочные фации 
610 1 |a диагенез 
610 1 |a катагенез 
610 1 |a эпигенез 
610 1 |a нафтогенез 
610 1 |a рудогенез 
610 1 |a техногенные процессы 
610 1 |a экологическая геохимия 
675 |a 552.5:550.4(063)  |v 3 
702 1 |a Юдович  |b Я. Э.  |4 340 
712 0 2 |a Российская академия наук (РАН)  |b Уральское отделение (УрО)  |b Коми научный центр (КомиНЦ)  |b Институт геологии (ИГ)  |c (Сыктывкар)  |2 stltpush  |3 (RuTPU)RU\TPU\col\7925 
712 0 2 |a Российское минералогическое общество (РМО)  |c (Санкт-Петербург)  |c Создан 1817г.  |2 stltpush  |3 (RuTPU)RU\TPU\col\17989 
712 1 2 |a Геохимия литогенеза  |b Всероссийское совещание  |e Сыктывкар  |f 2014 
801 1 |a RU  |b 63413507  |c 20140514 
801 2 |a RU  |b 63413507  |c 20140526  |g RCR 
942 |c BK